=LDR 00000nam 2200000 4500 =001 INLIS000000000060639 =005 20220225092320 =035 ##$$a 0010-0222000193 =007 ta =008 220225###########################0#ind## =082 ##$$a R.352.830 26 =084 ##$$a R.352.830 26 Ind p =245 ##$$a Peraturan Menteri Keuangan Nomor 81/PMK.02/2007 Tentang Standar Biaya Tahun 2008 =300 ##$$a 211 halaman ; $c 21 cm. =650 #4$$a Keuangan Negara -Undang-Undang dan Peraturan-Standar Biaya =264 ##$$a jakarta :$b Eka Jaya,$c 2007 =336 ##$$a teks$2 rdacontent =337 ##$$a lain-lain$2 rdamedia =338 ##$$a lain-lain$2 rdacarrier =990 ##$$a 07370737